Statistics for Country Flags - Horizontal Stripes

Click here to take the quiz!

General Stats

  • This quiz has been taken 11 times
  • The average score is 67 of 83

Answer Stats

Answer% Correct
Israel
100%
United States
100%
Belarus
88%
Germany
88%
Botswana
88%
Cuba
88%
Greece
88%
Liberia
88%
Angola
88%
Uruguay
88%
Bulgaria
88%
Croatia
88%
Egypt
88%
Estonia
88%
India
88%
Swaziland
88%
Iran
88%
Iraq
88%
Kuwait
88%
Luxembourg
88%
Malawi
88%
Netherlands
88%
Russia
88%
Serbia
88%
Slovakia
88%
Venezuela
88%
Yemen
88%
Kenya
88%
Latvia
88%
Malaysia
88%
North Korea
88%
Honduras
88%
Burkina Faso
88%
Czech Republic
88%
Haiti
88%
Singapore
88%
Ukraine
88%
Argentina
88%
Austria
88%
Bahamas
88%
San Marino
88%
Spain
88%
Belize
88%
Cambodia
88%
Laos
88%
Lebanon
88%
Mauritania
88%
Armenia
75%
Sierra Leone
75%
Indonesia
75%
Oman
75%
Paraguay
75%
Sudan
75%
São Tomé and Principe
75%
Djibouti
75%
Slovenia
75%
Syria
75%
Madagascar
75%
Benin
75%
Mozambique
75%
Costa Rica
75%
Myanmar
75%
Monaco
75%
Togo
75%
Hungary
75%
El Salvador
75%
Nicaragua
75%
Azerbaijan
75%
Ghana
75%
Lithuania
75%
Thailand
75%
Suriname
75%
Poland
75%
Jordan
75%
Guinea-Bissau
63%
Nauru
63%
Uzbekistan
63%
United Arab Emirates
63%
Gabon
63%
Bolivia
63%
Philippines
63%
Niger
63%
Equatorial Guinea
63%

Score Distribution

Percentile by Number Answered

Percent of People with Each Score

Your Score History

You have not taken this quiz